Central Library OPAC University of Rajshahi

India, impressions and suggestions / (Record no. 65558)

MARC details
000 -LEADER
fixed length control field 00656nam a2200229 a 4500
001 - CONTROL NUMBER
control field 65558
003 - CONTROL NUMBER IDENTIFIER
rucl marc code BD-RjUL
005 - DATE AND TIME OF LATEST TRANSACTION
control field 20211209081435.0
008 - FIXED-LENGTH DATA ELEMENTS--GENERAL INFORMATION
fixed length control field 170308s1909 enk 000 0 eng d
035 ## - SYSTEM CONTROL NUMBER
System control number (BD-RjUL) 65688
040 ## - CATALOGING SOURCE
Original cataloging agency BD-RjUL
Language of cataloging eng
Transcribing agency BD-RjUL
Modifying agency BD-RjUL
041 ## - LANGUAGE CODE
Language code of text/sound track or separate title eng
082 ## - DEWEY DECIMAL CLASSIFICATION NUMBER
Edition number 23
Classification number 954
Author mark and year HAI 1909
100 1# - MAIN ENTRY--PERSONAL NAME
Personal name Hardie, James Keir.
9 (RLIN) 193977
245 10 - TITLE STATEMENT
Title India, impressions and suggestions /
Statement of responsibility, etc. James Kei Hardie
250 ## - EDITION STATEMENT
Edition statement 2nd Ed.
260 ## - PUBLICATION, DISTRIBUTION, ETC. (IMPRINT)
Place of publication, distribution, etc. London :
Date of publication, distribution, etc. 1909
Name of publisher, distributor, etc. Independent Labour Party,
300 ## - PHYSICAL DESCRIPTION
Size cm.18
Pagination xiv, 126 p. :
650 ## - SUBJECT ADDED ENTRY--TOPICAL TERM
Topical term or geographic name as entry element India
9 (RLIN) 187294
690 00 - LOCAL SUBJECT ADDED ENTRY--TOPICAL TERM (OCLC, RLIN)
Topical term or geographic name as entry element History
Geographic subdivision India and Pakistan
942 ## - ADDED ENTRY ELEMENTS (KOHA)
Source of classification or shelving scheme Dewey Decimal Classification
Koha item type Books
Holdings
Lost status Source of classification or shelving scheme Damaged status Not for loan Collection code Permanent Location Current Location Shelving location Date acquired Source of acquisition Cost, normal purchase price Total Checkouts Full call number Date last seen Copy number Koha item type
  Dewey Decimal Classification   Not For Loan Non-fiction Central Library, University of Rajshahi Central Library, University of Rajshahi Reading Room 25/04/1961 Pakistani Book, Karachi 7.94   954 HAI 1909 08/03/2017 C-1 Books